000 00884nam a2200277 i 4500
001 bg
003 BPK
005 20200508134916.0
008 020307s1977 pl a f f |000 0 pol
015 _aPB 1977/6940
040 _aWA N
_cBPK
041 0 _apol
080 _a531.1/.3
080 _a(075.8)
100 1 _aWilde, Piotr
_d(1931-2006)
_eAutor
245 1 0 _aMechanika teoretyczna /
_cPiotr Wilde, Mieczysław Wizmur.
260 _aWarszawa :
_bPańst. Wydaw. Naukowe,
_c1977.
300 _a349, [2] s. :
_bil., wykr. ;
_c24 cm.
504 _aBibliogr.
521 8 _aSkrypt dla studentów wyższych szkół technicznych.
655 4 _aPodręczniki akademickie
650 4 _aMechanika
700 1 _aWizmur, Mieczysław
_eAutor
942 _2UKD
_cKS
856 _uhttp://koha.tu.koszalin.pl/cgi-bin/koha/opac-detail.pl?biblionumber=343
_yKatalog online BPK
999 _c343
_d343